| Поле | Инд. | ПП | Название | Значение |
|---|---|---|---|---|
| Тип записи | a | |||
| Библиографический уровень | m | |||
| 001 | Контрольный номер | 90ac98be-fc1a-4dcc-b402-48611f4f9c7f | ||
| 005 | Дата корректировки | 20170201111202.3 | ||
| 008 | Кодируемые данные | 010402 d | ||
| 020 | a | ISBN | 5-89417-016-8 | |
| c | Цена, тираж | 25.00 | ||
| 040 | a | Служба первич. каталог. | НБ ТвГУ | |
| 041 | 0_ | a | Код языка текста | rus |
| 080 | a | Индекс УДК | 7.03(470.331) | |
| 084 | a | Индекс другой классификации/Индекс ББК | Щ103(2РОС=411.2)л61 | |
| a | Индекс другой классификации/Индекс ББК | Щ103(2РОС=411.2)-69Тверь | ||
| 090 | x | Авторский знак | Р 89 | |
| a | Полочн. индекс | Щ103(2РОС) | ||
| 245 | 10 | a | Заглавие | Русское искусство. XVI-XX век |
| n | Номер части/ раздела | Вып. 1 | ||
| b | Продолж. заглавия | Материалы, исследования публикации | ||
| c | Ответственность | Твер. обл. Картин. галерея (ТОКГ) | ||
| 260 | 0_ | a | Место издания | Тверь |
| b | Издательство | Лилия | ||
| c | Дата издания | 1997 | ||
| 300 | a | Объем | 142,[1] с. | |
| b | Иллюстрации/ тип воспроизводства | ил. | ||
| 504 | a | Библиография | Библиогр. в конце ст. | |
| 583 | a | Действие | Получение впервые 482 24.09.98 | |
| k | Исполнитель действия | Дар Гусаровой Т.А. | ||
| 583 | a | Действие | Приписка 307 01.12.03 | |
| k | Исполнитель действия | Дар читателя | ||
| 583 | a | Действие | Приписка 288 20.04.99 | |
| k | Исполнитель действия | Дар изд-ва Лилия" | ||
| 583 | a | Действие | Приписка 150 25.04.2006 | |
| k | Исполнитель действия | Дар Тверского книжно-журнального издательства | ||
| 650 | 04 | a | Основная рубрика | Русское искусство |
| x | Основная подрубрика | История | ||
| y | Хронологическая подрубрика | 16-20 вв. | ||
| 650 | 04 | a | Основная рубрика | Русское изобразительное искусство |
| z | Географическая подрубрика | Тверская область | ||
| 650 | 04 | a | Основная рубрика | Тверская областная картинная галерея |
| 653 | 0_ | a | Ключевые слова | Русское искусство |
| a | Ключевые слова | Русское изобразительное искусство | ||
| a | Ключевые слова | Искусство Твери | ||
| a | Ключевые слова | Тверская картинная галерея | ||
| a | Ключевые слова | Иконопись | ||
| a | Ключевые слова | Тверская икона | ||
| a | Ключевые слова | Путевые дворцы | ||
| a | Ключевые слова | Тверской путевой дворец | ||
| a | Ключевые слова | Соколов | ||
| a | Ключевые слова | Шлейфер | ||
| a | Ключевые слова | Тверская область | ||
| a | Ключевые слова | Краеведение | ||
| 852 | 41 | t | Порядковый номер экземпляра | 2 |
| p | Инвентарный номер | 699882 | ||
| p | Инвентарный номер | 709479 25.00 | ||
| 852 | 41 | t | Порядковый номер экземпляра | 1 |
| p | Инвентарный номер | 772470 32.00 | ||
| 852 | 41 | t | Порядковый номер экземпляра | 1 |
| p | Инвентарный номер | 840552 60.00 | ||
| 888 | a | Бесплатные | ||
| 901 | t | Тип документа | m | |
| 930 | a | Новая/Ретро | краеведение | |
| 952 | p | 482.98 25.00 1 699882 | ||
| p | 288.99 25.00 1 709479 | |||
| p | 307.2003 32.00 1 772470 | |||
| p | 150.2006 60.00 1 840552 | |||
| c | Вид литературы | К рн | ||
| 954 | a | Дата поступления на обработку | 19980925 | |
| 999 | a | Подразделение 2 | ОРК | |
| a | Подразделение 2 | ч.з. | ||
| a | Подразделение 2 | кх. |